Reflexiones sobre el subsidio familiar / (Registro nro. 6311)

Detalles MARC
000 -LEADER
fixed length control field 00850nam a2200229Ia 4500
003 - CONTROL NUMBER IDENTIFIER
control field OSt
005 - DATE AND TIME OF LATEST TRANSACTION
control field 20200814155703.0
008 - FIXED-LENGTH DATA ELEMENTS--GENERAL INFORMATION
fixed length control field 191128s2016 ck gr 000 0dspa d
040 ## - CATALOGING SOURCE
Original cataloging agency CO-JMCR
Transcribing agency CO-JMCR
041 0# - LANGUAGE CODE
Language code of text/sound track or separate title spa
082 04 - DEWEY DECIMAL CLASSIFICATION NUMBER
Classification number 344.861031614 /
Item number C657r
Edition number 23
100 1# - MAIN ENTRY--PERSONAL NAME
Personal name Cobo Soto, Álvaro José,
Relator term autor
9 (RLIN) 8802
245 10 - TITLE STATEMENT
Title Reflexiones sobre el subsidio familiar /
Statement of responsibility, etc. Álvaro José Cobo Soto
260 ## - PUBLICATION, DISTRIBUTION, ETC.
Place of publication, distribution, etc. [Bogotá :
Name of publisher, distributor, etc. Asocajas,
Date of publication, distribution, etc. 2016?]
300 ## - PHYSICAL DESCRIPTION
Extent 235 páginas ;
Dimensions 21 cm.
500 ## - GENERAL NOTE
General note Incluye datos biográficos del autor en la tapa posterior.
505 0# - FORMATTED CONTENTS NOTE
Formatted contents note Generación de valor -- Generación de opinión -- Principales normas del subsidio familiar
650 14 - SUBJECT ADDED ENTRY--TOPICAL TERM
Topical term or geographic name entry element Subsidios familiares
General subdivision jurisprudencia
Geographic subdivision Colombia
9 (RLIN) 8803
650 14 - SUBJECT ADDED ENTRY--TOPICAL TERM
Topical term or geographic name entry element Derecho laboral
Geographic subdivision Colombia
9 (RLIN) 8055
650 14 - SUBJECT ADDED ENTRY--TOPICAL TERM
Topical term or geographic name entry element Seguridad social
Geographic subdivision Colombia
9 (RLIN) 7785
942 ## - ADDED ENTRY ELEMENTS (KOHA)
Source of classification or shelving scheme Dewey Decimal Classification
Koha item type Books
Existencias
Withdrawn status Lost status Source of classification or shelving scheme Damaged status Not for loan Collection code Home library Current library Date acquired Source of acquisition Full call number Barcode Date last seen Copy number Koha item type
    Dewey Decimal Classification     Non-fiction Biblioteca Pública José María del Castillo y Rada Biblioteca Pública José María del Castillo y Rada 12/12/2018 Donación 344.861031614 / C657r 430012395 05/16/2024 Ej.1 Books